| 000 | 01138nji a22003017a 4500 | ||
|---|---|---|---|
| 005 | 20100903161258.0 | ||
| 006 | a|||||r|||||00| 0 | ||
| 007 | sd ammalaaahaa | ||
| 008 | 100830t xxu||||| |||| 00| 0 eng d | ||
| 028 |
_aGE 31202 _bColumbia |
||
| 035 | _aGR-01402 | ||
| 040 |
_aSED _cSED |
||
| 100 |
_917455 _aBegum, Naseem |
||
| 245 |
_aMaikhana / _cbyNaseem Begum [and] Nahid & Others ; Music by Nashad ; Lyris by Nakhshab _h[sound recording] : |
||
| 246 | _aमैखाना | ||
| 260 |
_aDum Dum, India _bColumbia |
||
| 300 |
_a1 sound disc [Gramophone Recording]: _banalog, 33 1/3 rpm _c9.5 in. (MP) _fGramophone Record |
||
| 500 | _aBrief Record | ||
| 505 | _a Side 1 एक अपना एक बेगाना (Ek apna ek begana) (Nahid) Side 2 चोर न देना साथ (Chhor na dena saath) (Naseem) | ||
| 650 |
_aClassical music _zIndia _91186 _xExcerpts |
||
| 700 |
_917416 _aNahid |
||
| 700 |
_917456 _aNakhshab |
||
| 700 |
_919067 _aNashad |
||
| 700 | _919087 | ||
| 700 | _919088 | ||
| 942 |
_2ddc _cGR |
||
| 999 |
_c44929 _d44929 |
||